Celebrity quiz - Statistics

General Stats
  • This quiz has been taken 66 times
  • The average score is 17 of 27
Answer Stats
Question Tile Select % Correct
celebrities born in the United States Beyonce Yes
89%
celebrities born in the United States Barack Obama Yes
86%
celebrities born in the United States Bob Marley No
84%
celebrities who died before age 30 Whitney Houston No
81%
celebrities who died before age 30 Amy Winehouse Yes
79%
celebrities born in the United States Tom Holland No
79%
celebrities who died before age 30 Bob Marley No
77%
celebrities who died before age 30 Tupac Yes
77%
celebrities who died before age 30 Arnold Palmer No
75%
celebrities who died before age 30 Elvis Presley No
72%
celebrities who died before age 30 Michael Jackson No
72%
celebrities born in the United States Cardi B Yes
67%
celebrities born in the United States Drake No
67%
celebrities who died before age 30 Princess Diana No
67%
celebrities born in the United States Venus Williams Yes
67%
celebrities who are bilingual. Beyonce No
65%
celebrities who are bilingual. Drake No
63%
celebrities born in the United States Rihanna No
63%
celebrities born in the United States Nicki Minaj No
56%
celebrities who died before age 30 Marilyn Monroe No
54%
celebrities who are bilingual. Nicki Minaj No
46%
celebrities who are bilingual. Barack Obama No
44%
celebrities who are bilingual. Rihanna No
44%
celebrities who are bilingual. Cardi B Yes
39%
celebrities who are bilingual. Selena Gomez No
28%
celebrities who are bilingual. Will Smith Yes
28%
celebrities who are bilingual. Serena Williams Yes
26%
No matching quizzes found
Score Distribution
Percent of People with Each Score
Percentile by Number Answered
Your Score History
You have not taken this quiz